Saving in southeast Asia and Latin America compared searching for policy lessons

Guardado en:
Detalles Bibliográficos
Autor principal: Dayal-Gulati, Anuradha
Otros Autores: Thimann, Christian
Formato: Libro
Lenguaje:inglés
Publicado: Washington International Monetary Fund 1997
Colección:IMF working paper WP/97/110
Materias:
Etiquetas: Agregar Etiqueta
Sin Etiquetas, Sea el primero en etiquetar este registro!

MARC

LEADER 00000nam a2200000 4500
001 c100054
005 20221124073936.5
041 0 |a eng 
044 |a US 
245 1 0 |a Saving in southeast Asia and Latin America compared  |b searching for policy lessons  |c Prepared by Anuradha Dayal-Gulati and Christian Thimann 
264 1 |a Washington  |b International Monetary Fund  |c 1997 
300 |a 25 s. 
490 1 |a IMF working paper  |v WP/97/110 
830 0 |a IMF working paper  |v WP/97/110 
610 2 0 |a úspory 
610 2 0 |a úspory obyvateľstva 
610 2 0 |a porovnanie medzinárodné 
610 2 0 |a ukazovatele ekonomické 
610 2 0 |a politika fiškálna 
610 2 0 |a zabezpečenie sociálne 
610 2 0 |a miera úspor 
610 2 0 |a Ázia 
610 2 0 |a Južná Amerika 
100 1 |a Dayal-Gulati, Anuradha 
700 1 |a Thimann, Christian